An introduction to APL

Αποθηκεύτηκε σε:
Λεπτομέρειες βιβλιογραφικής εγγραφής
Κύριος συγγραφέας: Pommier, S.
Μορφή: Βιβλίο
Γλώσσα:English
Δημοσίευση: Cambridge : New York : Cambridge University Press, c1983
Σειρά:Cambridge computer science texts ; ; 17
Θέματα:
Ετικέτες: Προσθήκη ετικέτας
Δεν υπάρχουν, Καταχωρήστε ετικέτα πρώτοι!

MARC

LEADER 00000cam a2200000 i 4500
001 1/36533
008 950328s1983 eng d
020 |a 0521249775 
035 |l 10024504 
040 |a GR-MY-UA  |b gre  |e aacr 
041 0 |a eng 
082 0 |a 001.6424  |2 (19) 
100 1 |a Pommier, S. 
245 1 3 |a An introduction to APL /  |c S. Pommier ; translated by Bronwen A. Rees 
260 |a Cambridge :   |a New York :   |b Cambridge University Press,   |c c1983 
300 |a vi, 136 p.;  |b ill.;  |c 24 cm 
490 1 |a Cambridge computer science texts  |v ; 17 
500 |a Translation of: Introduction a A.P.L 
500 |a Includes index 
650 0 0 |a APL (Computer program language) 
830 0 |a Cambridge computer science texts ;  |v ; 17 
852 |a INST  |b CHIOS  |e 19950328  |h 001.6424 POM  |p 005200006350  |q 005200006350  |t BK  |y 0 
909 |a Χ  |b 002409